Xi'an Jiaotong University/ (Record no. 606751)

000 -LEADER
fixed length control field 00370nam a22001337a 4500
082 ## - DEWEY DECIMAL CLASSIFICATION NUMBER
Classification number 338.951
Author Mark XIA
100 ## - MAIN ENTRY--PERSONAL NAME
Personal name Xi'an Jiaotong University
245 ## - TITLE STATEMENT
Title Xi'an Jiaotong University/
260 ## - PUBLICATION, DISTRIBUTION, ETC.
Place of publication, distribution, etc. China:
Name of publisher, distributor, etc. Xi'an Jiaotong University Shaanxi;
Date of publication, distribution, etc. 2021.
300 ## - PHYSICAL DESCRIPTION
Extent 64p.
563 ## - BINDING INFORMATION
Binding note PB
650 ## - SUBJECT ADDED ENTRY--TOPICAL TERM
Topical term or geographic name entry element Chinese University
-- Chinese research
942 ## - ADDED ENTRY ELEMENTS (KOHA)
Source of classification or shelving scheme
Koha item type Book
650 ## - SUBJECT ADDED ENTRY--TOPICAL TERM
-- 118528
Holdings
Withdrawn status Lost status Source of classification or shelving scheme Damaged status Not for loan Permanent Location Current Location Shelving location Date acquired Source of acquisition Full call number Barcode Date last seen Price effective from Koha item type
          Central Library (CL) Central Library (CL) Chinese Studies 10/22/2023 Donation 338.951 XIA CL-D-2483 10/22/2023 10/22/2023 Book
          Central Library (CL) Central Library (CL) Chinese Studies 10/22/2023 Donation 338.951 XIA CL-D-2482 10/22/2023 10/22/2023 Book
© 2023 Central Library, National University of Sciences and Technology. All Rights Reserved.